| 000 | 00000nam 2200000za 4500 |
| 001 | 9.837650 |
| 003 | CaOODSP |
| 005 | 20221107151205 |
| 007 | cr ||||||||||| |
| 008 | 170605s1970 abcb #o f000 0 eng d |
| 040 | |aCaOODSP|beng |
| 043 | |an-cn-ab |
| 086 | 1 |aR77-4/1970E-PDF |
| 245 | 00|aWho's who in Indian Affairs in Alberta |h[electronic resource]. |
| 260 | |a[Edmonton?] : |bDepartment of Indian Affairs and Northern Development, Alberta Regional Office, Indian and Eskimo Affairs, |c[1970?]. |
| 300 | |a49 p. : |bmap |
| 500 | |aTitle from cover. |
| 500 | |a"Valid: January 30, 1970." |
| 500 | |aDigitized edition from print [produced by Indigenous and Northern Affairs Canada]. |
| 520 | |aA directory of staff in the Alberta Regional Office of the Department of Indian Affairs and Northern Development. |
| 692 | 07|2gccst|aAboriginal affairs |
| 692 | 07|2gccst|aAboriginal peoples |
| 692 | 07|2gccst|aDirectories |
| 710 | 1 |aCanada. |bIndian and Northern Affairs Canada. |bAlberta Region. |
| 710 | 2 |aIndian and Eskimo Affairs Program (Canada) |
| 856 | 40|qPDF|s31.88 MB|uhttps://publications.gc.ca/collections/collection_2017/aanc-inac/R77-4-1970-eng.pdf |